Districts of Kütahya (Kütahya'nın ilçeleri). - Statistics

General Stats
  • This quiz has been taken 63 times
  • The average score is 8 of 13
Answer Stats
Population (Nüfus) District (İlçe) % Correct
100.568 Tavşanlı
95%
282.243 Merkez
93%
61.265 Simav
84%
14.174 Domaniç
75%
18.843 Emet
66%
50.151 Gediz
66%
5.771 Çavdarhisar
61%
2.854 Dumlupınar
61%
8.164 Aslanapa
55%
15.018 Altıntaş
50%
5.695 Şaphane
50%
11.115 Hisarcık
48%
4.840 Pazarlar
43%
No matching quizzes found
Score Distribution
Percent of People with Each Score
Percentile by Number Answered
Your Score History
You have not taken this quiz